[Event "2015 British Chess Championships: Championship"]
[Site "University of Warwick, Coventry, Warwickshire"]
[Date "2015.07.30"]
[Round "4"]
[Board "4"]
[White "Pert, Nicholas"]
[Black "Ward, Chris G"]
[Result "1/2-1/2"]
[WhiteElo "2562"]
[BlackElo "2423"]
[PlyCount "84"]
[EventDate "2015.07.27"]
[EventRounds "11"]
[EventCountry "ENG"]

1. d4 Nf6 2. Nf3 d5 3. c4 e6 4. Nc3 c5 5. cxd5 cxd4 6. Qxd4 exd5 7. e4 Nc6 8.
Bb5 dxe4 9. Qxd8+ Kxd8 10. Ng5 Be6 11. O-O Bb4 12. Ncxe4 Nxe4 13. Nxe4 Ke7 14.
Be3 Rhd8 15. Ba4 Kf8 16. a3 Be7 17. Nc5 Bc8 18. Rfd1 Rxd1+ 19. Rxd1 Ne5 20. Bd4
Nc6 21. Be3 Ne5 22. Bb3 b6 23. Ne4 Bb7 24. Nd6 Bc6 25. Bf4 Ng6 26. Bg3 Rd8 27.
Rc1 Bxd6 28. Rxc6 Bxg3 29. hxg3 Ne5 30. Rc7 Rd2 31. Bc2 Ng4 32. f3 Ne3 33. Bb3
Rxg2+ 34. Kh1 Rxb2 35. Rxf7+ Ke8 36. Be6 g5 37. Rxa7 Nf1 38. g4 Ng3+ 39. Kg1
Ne2+ 40. Kf1 Ng3+ 41. Kg1 Ne2+ 42. Kf1 Ng3+ 1/2-1/2

[Event "2015 British Chess Championships: Championship"]
[Site "University of Warwick, Coventry, Warwickshire"]
[Date "2015.07.30"]
[Round "4"]
[Board "5"]
[White "Arkell, Keith C"]
[Black "Jackson, James P"]
[Result "1-0"]
[WhiteElo "2502"]
[BlackElo "2343"]
[PlyCount "77"]
[EventDate "2015.07.27"]
[EventRounds "11"]
[EventCountry "ENG"]

1. Nf3 Nf6 2. c4 g6 3. Nc3 Bg7 4. d4 O-O 5. g3 d6 6. Bg2 Nbd7 7. O-O e5 8. e4
c6 9. h3 Qb6 10. c5 dxc5 11. dxe5 Ne8 12. Na4 Qb5 13. Bg5 Nc7 14. Be7 Re8 15.
Bd6 Ne6 16. Rc1 c4 17. Nc3 Qa5 18. b4 cxb3 19. axb3 b5 20. Qd2 Bb7 21. h4 Qb6
22. Bh3 Rad8 23. Qa2 Nef8 24. b4 Nxe5 25. Nxe5 Bxe5 26. Bc5 Qc7 27. f4 Bxc3 28.
Rxc3 Rxe4 29. Bg2 Rc4 30. Rxc4 bxc4 31. Qxc4 a5 32. Ra1 axb4 33. Qxb4 Qc8 34.
Be7 Re8 35. Ra7 Ba6 36. h5 Ne6 37. Qc3 c5 38. Qf6 c4 39. Bd6 1-0

[Event "2015 British Chess Championships: Championship"]
[Site "University of Warwick, Coventry, Warwickshire"]
[Date "2015.07.30"]
[Round "4"]
[Board "6"]
[White "Gormally, Daniel W"]
[Black "Kalaiyalahan, Akshaya"]
[Result "1-0"]
[WhiteElo "2484"]
[BlackElo "1999"]
[PlyCount "61"]
[EventDate "2015.07.27"]
[EventRounds "11"]
[EventCountry "ENG"]

1. d4 Nf6 2. c4 g6 3. Nc3 Bg7 4. e4 d6 5. Nf3 O-O 6. Be2 e5 7. O-O Nc6 8. Be3
Ng4 9. Bg5 f6 10. Bc1 Nh6 11. c5 Nf7 12. cxd6 cxd6 13. dxe5 dxe5 14. Qb3 Kh8
15. Rd1 Qc7 16. Be3 Bg4 17. Nd5 Qc8 18. Bc5 Bxf3 19. Bxf3 Nd4 20. Bxd4 exd4 21.
Rxd4 Ne5 22. Be2 Qc5 23. Rdd1 Rac8 24. Nc3 f5 25. exf5 Rxf5 26. Ne4 Qf8 27.
Rac1 Re8 28. Qxb7 Rb8 29. Qc7 Rf7 30. Qa5 Nd7 31. b3 1-0

[Event "2015 British Chess Championships: Championship"]
[Site "University of Warwick, Coventry, Warwickshire"]
[Date "2015.07.30"]
[Round "4"]
[Board "7"]
[White "Golding, Alex"]
[Black "Emms, John M"]
[Result "0-1"]
[WhiteElo "1963"]
[BlackElo "2460"]
[PlyCount "82"]
[EventDate "2015.07.27"]
[EventRounds "11"]
[EventCountry "ENG"]

1. e4 c5 2. Nf3 Nc6 3. d4 cxd4 4. Nxd4 g6 5. Nc3 Bg7 6. Be3 Nf6 7. Be2 O-O 8.
Nb3 b6 9. g4 d5 10. exd5 Nb4 11. Bd4 Bb7 12. Rg1 Nfxd5 13. Nxd5 Nxd5 14. Bxg7
Kxg7 15. Qd4+ Kg8 16. O-O-O e5 17. Qd2 Nf4 18. Rg3 Qe7 19. Bf3 Rad8 20. Qe3
Rxd1+ 21. Kxd1 Rd8+ 22. Kc1 Bxf3 23. Qxf3 Qg5 24. Nd2 Nd5 25. h4 Qf4 26. Qxf4
Nxf4 27. Re3 f6 28. Ne4 Kf7 29. b3 h5 30. g5 f5 31. Nc3 e4 32. Ne2 Nxe2+ 33.
Rxe2 Ke6 34. f4 b5 35. a3 a5 36. Re3 b4 37. a4 Rc8 38. Kb2 Kd5 39. Re1 Kd4 40.
Rd1+ Ke3 41. Rd5 Kf2 0-1

[Event "2015 British Chess Championships: Championship"]
[Site "University of Warwick, Coventry, Warwickshire"]
[Date "2015.07.30"]
[Round "4"]
[Board "8"]
[White "Summerscale, Aaron P"]
[Black "Okhai, Shabir"]
[Result "1-0"]
[WhiteElo "2416"]
[BlackElo "1994"]
[PlyCount "83"]
[EventDate "2015.07.27"]
[EventRounds "11"]
[EventCountry "ENG"]

1. Nf3 d5 2. c4 e6 3. b3 Nf6 4. Bb2 Be7 5. g3 c5 6. e3 Nc6 7. Bg2 O-O 8. O-O
Ne4 9. cxd5 exd5 10. d3 Bf6 11. Qc1 Bxb2 12. Qxb2 Nf6 13. d4 cxd4 14. Nxd4 Qb6
15. Nxc6 bxc6 16. Nc3 Bf5 17. Rac1 Rac8 18. Rfd1 Rfe8 19. Na4 Qd8 20. Nc5 Qe7
21. Qd4 h6 22. Qf4 Be6 23. Rc3 d4 24. Rxd4 Nd5 25. Bxd5 cxd5 26. b4 a5 27. a3
axb4 28. axb4 Qa7 29. Rcd3 Rc6 30. Kg2 Rb6 31. Rd2 Reb8 32. h4 Qa1 33. Nxe6
fxe6 34. Qe5 Qa7 35. e4 Qa8 36. Kh2 Qc6 37. exd5 exd5 38. Rxd5 Qf6 39. Qxf6
gxf6 40. Rd6 Rxb4 41. Rxf6 Kg7 42. Rdd6 1-0

[Event "2015 British Chess Championships: Championship"]
[Site "University of Warwick, Coventry, Warwickshire"]
[Date "2015.07.30"]
[Round "4"]
[Board "9"]
[White "Beckett, Chris J"]
[Black "Batchelor, Peter J"]
[Result "0-1"]
[WhiteElo "2160"]
[BlackElo "2304"]
[PlyCount "58"]
[EventDate "2015.07.27"]
[EventRounds "11"]
[EventCountry "ENG"]

1. d4 Nf6 2. c4 e6 3. Nc3 Bb4 4. e3 d5 5. a3 Bxc3+ 6. bxc3 c5 7. cxd5 exd5 8.
Bd3 Qc7 9. Ne2 O-O 10. f3 Re8 11. O-O b6 12. Ng3 Bb7 13. Ra2 Nc6 14. Re1 Rad8
15. Rae2 a6 16. Bb1 Rd7 17. Qd3 g6 18. Ba2 h5 19. e4 cxd4 20. cxd4 dxe4 21.
Nxe4 Nxe4 22. Rxe4 Rxe4 23. Qxe4 Ne7 24. Bxf7+ Kxf7 25. Qe6+ Kg7 26. Bg5 Nf5
27. Qf6+ Kh7 28. Re8 Ng7 29. Qf8 Nxe8 0-1

[Event "2015 British Chess Championships: Championship"]
[Site "University of Warwick, Coventry, Warwickshire"]
[Date "2015.07.30"]
[Round "4"]
[Board "10"]
[White "Paterson, Andrew I"]
[Black "Weaving, Richard"]
[Result "0-1"]
[WhiteElo "2039"]
[BlackElo "2257"]
[PlyCount "54"]
[EventDate "2015.07.27"]
[EventRounds "11"]
[EventCountry "ENG"]

1. e4 c5 2. Nf3 e6 3. d4 cxd4 4. Nxd4 Nc6 5. Nc3 Qc7 6. Be2 a6 7. O-O Nf6 8.
Kh1 Nxd4 9. Qxd4 Bc5 10. Qd3 b5 11. f4 Bb7 12. e5 Nd5 13. Ne4 Nb4 14. Nd6+ Bxd6
15. exd6 Qxc2 16. Qe3 O-O 17. Rf2 Qc6 18. f5 exf5 19. Qg3 Kh8 20. Be3 Rae8 21.
Bd4 f6 22. Bh5 Re6 23. Rxf5 Nc2 24. Rc5 Qxg2+ 25. Qxg2 Bxg2+ 26. Kxg2 Nxd4 27.
Rd5 Nc2 0-1

[Event "2015 British Chess Championships: Championship"]
[Site "University of Warwick, Coventry, Warwickshire"]
[Date "2015.07.30"]
[Round "4"]
[Board "11"]
[White "Rudd, Jack"]
[Black "Jones, Steven A"]
[Result "1/2-1/2"]
[WhiteElo "2247"]
[BlackElo "2126"]
[PlyCount "145"]
[EventDate "2015.07.27"]
[EventRounds "11"]
[EventCountry "ENG"]

1. d4 Nf6 2. c4 e6 3. Nc3 Bb4 4. f3 d5 5. a3 Bxc3+ 6. bxc3 c5 7. cxd5 Nxd5 8.
Qd3 O-O 9. e4 Nc7 10. Be3 Nc6 11. Nh3 Qe7 12. dxc5 Rd8 13. Qc2 e5 14. Nf2 Be6
15. Rb1 b6 16. Nd3 b5 17. Nb4 Qe8 18. c4 bxc4 19. Bxc4 Nd4 20. Qc1 Bxc4 21.
Qxc4 Qa4 22. Bxd4 Rxd4 23. Qb3 Qxb3 24. Rxb3 Rb8 25. Rc3 a5 26. Na2 Rb2 27. Nc1
Nb5 28. Rb3 Rxb3 29. Nxb3 Rd3 30. Nd2 Nxa3 31. Ke2 Rc3 32. Ra1 Kf8 33. Nf1 Nb5
34. Rxa5 Rxc5 35. Ra8+ Ke7 36. Ne3 Nc7 37. Ra7 g6 38. Kd3 Kf8 39. Nc4 Ne6 40.
Nd6 Rc7 41. Rxc7 Nxc7 42. Kc4 Ke7 43. Nb5 Ne6 44. Kd5 Nf4+ 45. Kxe5 Nxg2 46.
Nc3 f6+ 47. Kd4 Nh4 48. Ke3 g5 49. Kf2 Ng6 50. Kg3 Ne5 51. Nd5+ Ke6 52. Ne3 h5
53. Nf5 h4+ 54. Kf2 Ng6 55. Ke3 Ke5 56. Nh6 Ke6 57. Kd3 Ne5+ 58. Ke2 Ng6 59.
Ke3 Nf4 60. Kd4 Ne2+ 61. Kd3 Nf4+ 62. Kc4 Ne2 63. Kd3 Nf4+ 64. Kd2 Ng6 65. Nf5
Ke5 66. Ke3 Nf4 67. Ne7 Kd6 68. Nf5+ Ke5 69. Nh6 Ke6 70. Ng4 f5 71. Nf2 Ke5 72.
h3 Ng2+ 73. Ke2 1/2-1/2

[Event "2015 British Chess Championships: Championship"]
[Site "University of Warwick, Coventry, Warwickshire"]
[Date "2015.07.30"]
[Round "4"]
[Board "12"]
[White "Osborne, Marcus E"]
[Black "Fryer, David W"]
[Result "1-0"]
[WhiteElo "2190"]
[BlackElo "1951"]
[PlyCount "91"]
[EventDate "2015.07.27"]
[EventRounds "11"]
[EventCountry "ENG"]

1. c4 Nf6 2. g3 e6 3. Bg2 d5 4. d4 Bb4+ 5. Nd2 Nc6 6. Ngf3 O-O 7. Qc2 dxc4 8.
Qxc4 Ne4 9. Qd3 Nxd2 10. Bxd2 Bxd2+ 11. Qxd2 Qe7 12. Qc3 Rd8 13. O-O Bd7 14.
Rac1 Rac8 15. Ne5 Nxe5 16. dxe5 c6 17. Rfd1 Be8 18. Rd4 Rc7 19. Qe3 a6 20. Rh4
f5 21. exf6 Qxf6 22. Be4 g5 23. Rg4 Rg7 24. Bd3 h5 25. Re4 Bf7 26. Bc4 Qxb2 27.
Bxe6 Bxe6 28. Rxe6 Qxa2 29. Re8+ Rxe8 30. Qxe8+ Kh7 31. Qxh5+ Kg8 32. Qe8+ Kh7
33. Qh5+ Kg8 34. Rd1 Qa5 35. Qe8+ Kh7 36. Qh5+ Kg8 37. Qe8+ Kh7 38. Rd8 Qa1+
39. Kg2 Rg6 40. Rd7+ Kh6 41. Qf8+ Rg7 42. Qh8+ Kg6 43. Qe8+ Kh6 44. Rd6+ Kh7
45. Qh5+ Kg8 46. Rd8# 1-0

[Event "2015 British Chess Championships: Championship"]
[Site "University of Warwick, Coventry, Warwickshire"]
[Date "2015.07.30"]
[Round "4"]
[Board "13"]
[White "Lam, Paul G M"]
[Black "Willmoth, Robert F"]
[Result "1/2-1/2"]
[WhiteElo "2136"]
[BlackElo "2173"]
[PlyCount "134"]
[EventDate "2015.07.27"]
[EventRounds "11"]
[EventCountry "ENG"]

1. g3 d6 2. Bg2 e5 3. e4 Nf6 4. Nc3 Be7 5. Nge2 c6 6. d4 Nbd7 7. O-O O-O 8. a4
b6 9. f4 Bb7 10. h3 a6 11. g4 b5 12. a5 b4 13. Nb1 exd4 14. g5 Ne8 15. Nxd4 g6
16. b3 c5 17. Ne2 Ng7 18. Bb2 Re8 19. Nd2 Bf8 20. Ng3 Qc7 21. Nc4 Ne6 22. Qg4
Nd4 23. Rf2 Bg7 24. Raf1 Rad8 25. f5 Ne5 26. Qh4 Nxc4 27. bxc4 Re5 28. fxg6
fxg6 29. Kh1 Qe7 30. Bc1 h6 31. Rf7 Qxf7 32. Rxf7 Kxf7 33. Qf4+ Kg8 34. gxh6
Bh8 35. h7+ Kg7 36. Qh6+ Kf7 37. Bf4 Re6 38. Qg5 Bf6 39. Qg4 Bc8 40. Nf5 gxf5
41. exf5 Re1+ 42. Kh2 Bxf5 43. Qh5+ Bg6 44. Bd5+ Ne6 45. Qf3 Ke7 46. Bxd6+ Rxd6
47. Qxf6+ Kxf6 48. h8=Q+ Kf7 49. Qb8 Rd7 50. Qc8 Re7 51. Qxc5 Re2+ 52. Kg3 Kf6
53. Qxb4 Rxc2 54. c5 Rxc5 55. Bxe6 Rg5+ 56. Bg4 Bf5 57. Qd6+ Be6 58. Qd4+ Kf7
59. Kf4 Rd5 60. Bxe6+ Kxe6 61. Qb6+ Rd6 62. Qb3+ Kf6 63. Qc3+ Kf7 64. Qb3+ Kg7
65. Qc3+ Kg6 66. Qg3+ Kf7 67. Qb3+ Kg7 1/2-1/2

[Event "2015 British Chess Championships: Championship"]
[Site "University of Warwick, Coventry, Warwickshire"]
[Date "2015.07.30"]
[Round "4"]
[Board "14"]
[White "Mason, Donald J"]
[Black "Hackner, Oskar A"]
[Result "1-0"]
[WhiteElo "2145"]
[BlackElo "2162"]
[PlyCount "49"]
[EventDate "2015.07.27"]
[EventRounds "11"]
[EventCountry "ENG"]

1. d4 Nf6 2. c4 e6 3. g3 d5 4. Bg2 dxc4 5. Nf3 c5 6. O-O Nc6 7. Ne5 Bd7 8. Na3
cxd4 9. Naxc4 Bc5 10. Bf4 O-O 11. Qb3 Nxe5 12. Nxe5 a5 13. Rac1 a4 14. Qc4 Ra5
15. Bxb7 Qb6 16. Bf3 Bc8 17. Bd2 Rb5 18. Qxa4 Rxb2 19. Nc4 Qb5 20. Nxb2 Qxb2
21. Rxc5 Qxd2 22. Rd1 Qb2 23. Rc2 Qb8 24. Qxd4 Bd7 25. Rb2 1-0

[Event "2015 British Chess Championships: Championship"]
[Site "University of Warwick, Coventry, Warwickshire"]
[Date "2015.07.30"]
[Round "4"]
[Board "15"]
[White "Cooper, John G"]
[Black "Pleasants, Allan J"]
[Result "1-0"]
[WhiteElo "2313"]
[BlackElo "2120"]
[PlyCount "59"]
[EventDate "2015.07.27"]
[EventRounds "11"]
[EventCountry "ENG"]

1. d4 Nf6 2. c4 c5 3. d5 b5 4. cxb5 a6 5. bxa6 g6 6. Nc3 Bxa6 7. g3 d6 8. Bg2
Bg7 9. Nf3 Nbd7 10. O-O Nb6 11. Re1 O-O 12. Bf4 Nc4 13. Qc1 Qa5 14. Nd2 Rfb8
15. Nxc4 Bxc4 16. Bd2 Ba6 17. Nd1 Qb5 18. Bc3 c4 19. Qd2 Bb7 20. Ne3 Ra4 21.
Red1 Rba8 22. a3 Nd7 23. Bxg7 Kxg7 24. Rac1 Rc8 25. Bh3 Rc7 26. Bxd7 Qxd7 27.
Qd4+ f6 28. Rxc4 Rcxc4 29. Nxc4 Qb5 30. b4 1-0

[Event "2015 British Chess Championships: Championship"]
[Site "University of Warwick, Coventry, Warwickshire"]
[Date "2015.07.30"]
[Round "4"]
[Board "16"]
[White "Storey, Charles H"]
[Black "Asenov, Pavel"]
[Result "1-0"]
[WhiteElo "2245"]
[BlackElo "2081"]
[PlyCount "89"]
[EventDate "2015.07.27"]
[EventRounds "11"]
[EventCountry "ENG"]

1. d4 Nf6 2. c4 g6 3. Nc3 Bg7 4. e4 d6 5. Nf3 O-O 6. Be2 e5 7. O-O Nc6 8. d5
Ne7 9. Ne1 Nd7 10. Be3 f5 11. f3 f4 12. Bf2 g5 13. Rc1 Ng6 14. c5 dxc5 15. Nd3
b6 16. b4 c4 17. Nb2 Nf6 18. Bxc4 Kh8 19. Be2 Rf7 20. Qb3 Qe7 21. Nb5 Ne8 22.
Rfd1 Rf6 23. Rc2 Bf8 24. Nd3 Qd8 25. Rdc1 Bd6 26. Qb2 Bd7 27. Na3 Qe7 28. Nc4
Ng7 29. Be1 Rf7 30. Bc3 Re8 31. b5 Kg8 32. a4 Nh5 33. Bb4 g4 34. Bxd6 cxd6 35.
fxg4 Nf6 36. Nf2 Rg7 37. Qa3 Nh4 38. Qxd6 Bxg4 39. Nxg4 Nxg4 40. Qxe7 Rexe7 41.
d6 Re8 42. Bxg4 Rxg4 43. d7 Rd8 44. Nxe5 Rg5 45. Rc8 1-0

[Event "2015 British Chess Championships: Championship"]
[Site "University of Warwick, Coventry, Warwickshire"]
[Date "2015.07.30"]
[Round "4"]
[Board "17"]
[White "Coleman, David J"]
[Black "Scott, Gordon W"]
[Result "0-1"]
[WhiteElo "2231"]
[BlackElo "2101"]
[PlyCount "58"]
[EventDate "2015.07.27"]
[EventRounds "11"]
[EventCountry "ENG"]

1. e4 e6 2. d4 d5 3. Nc3 Bb4 4. e5 Ne7 5. a3 Bxc3+ 6. bxc3 c5 7. Qg4 cxd4 8.
Bd3 Qa5 9. Ne2 O-O 10. Bg5 Ng6 11. Qg3 Nd7 12. Bd2 Ndxe5 13. h4 Nxd3+ 14. cxd3
Ne7 15. cxd4 Qa6 16. h5 h6 17. Qf3 e5 18. dxe5 Bf5 19. Bb4 Bxd3 20. Bxe7 Rfe8
21. Bd6 Rad8 22. Ra2 Qc4 23. Rd2 Bxe2 24. Qxe2 Qc1+ 25. Rd1 Qg5 26. f4 Qxf4 27.
Qf2 Qc4 28. Qd4 Qxd4 29. Rxd4 Rxd6 0-1

[Event "2015 British Chess Championships: Championship"]
[Site "University of Warwick, Coventry, Warwickshire"]
[Date "2015.07.30"]
[Round "4"]
[Board "18"]
[White "Edge, John"]
[Black "Wadsworth, Matthew J"]
[Result "1/2-1/2"]
[WhiteElo "2080"]
[BlackElo "2160"]
[PlyCount "129"]
[EventDate "2015.07.27"]
[EventRounds "11"]
[EventCountry "ENG"]

1. e4 e6 2. Nf3 d5 3. Nc3 Nf6 4. e5 Nfd7 5. d4 c5 6. dxc5 Nc6 7. Bf4 Bxc5 8.
Bd3 f6 9. exf6 Nxf6 10. Ne5 O-O 11. O-O Bd7 12. Qe2 Qe7 13. Rae1 Nxe5 14. Bxe5
a6 15. Kh1 Rae8 16. f4 g6 17. Nd1 Bc6 18. Nf2 Qf7 19. c3 Qe7 20. Ng4 Nxg4 21.
Qxg4 Rf7 22. h4 Bd6 23. Bxg6 hxg6 24. Qxg6+ Kf8 25. Qh6+ Rg7 26. Bf6 Qc7 27. f5
Kg8 28. Rxe6 Rxe6 29. fxe6 Rh7 30. Qg6+ Rg7 31. Qh6 Rh7 32. Qg5+ Rg7 33. Bxg7
Qxg7 34. Qd8+ Bf8 35. Rf7 Qh6 36. Rf5 d4 37. Qg5+ Qxg5 38. Rxg5+ Kh7 39. cxd4
Be7 40. Rf5 Kg6 41. Rf4 Bf6 42. Kg1 Bd5 43. b3 Bxe6 44. Kf2 Bd5 45. g3 a5 46.
Ke3 Be7 47. Rf2 Bc6 48. Rc2 Kf5 49. Rf2+ Kg6 50. Rd2 Bd5 51. Rc2 Bc6 52. Rxc6+
bxc6 53. Ke4 Bd6 54. g4 Bg3 55. h5+ Kg5 56. d5 cxd5+ 57. Kxd5 Bf4 58. Kc4 Bd2
59. Kb5 Bb4 60. Ka4 Bd2 61. a3 Bc1 62. b4 axb4 63. axb4 Kxg4 64. b5 Kxh5 65. b6
 1/2-1/2

[Event "2015 British Chess Championships: Championship"]
[Site "University of Warwick, Coventry, Warwickshire"]
[Date "2015.07.30"]
[Round "4"]
[Board "19"]
[White "Hill, Alistair"]
[Black "Myall, Ivan J"]
[Result "1-0"]
[WhiteElo "2159"]
[BlackElo "2048"]
[PlyCount "99"]
[EventDate "2015.07.27"]
[EventRounds "11"]
[EventCountry "ENG"]

1. e4 e5 2. Nf3 Nc6 3. d4 exd4 4. Nxd4 d5 5. Bb5 dxe4 6. Nc3 Bd7 7. Bxc6 bxc6
8. Nxe4 c5 9. Nf3 Bb5 10. Qxd8+ Rxd8 11. Be3 Nf6 12. Nxf6+ gxf6 13. Nd2 f5 14.
O-O-O Bd6 15. Nb3 O-O 16. Bxc5 Bxc5 17. Nxc5 Bc6 18. f3 Kg7 19. Rxd8 Rxd8 20.
Re1 Kf6 21. Re3 Rg8 22. Re2 Bb5 23. Nd3 c5 24. Rf2 c4 25. Nf4 Ke5 26. Ne2 a6
27. b3 Rc8 28. Kb2 f4 29. Nc3 cxb3 30. axb3 Kd4 31. Nd1 Rb8 32. Rd2+ Ke5 33.
Ka3 Bf1 34. Rf2 Bb5 35. c4 Bc6 36. Rd2 Rg8 37. Nc3 f5 38. Nd5 Rg7 39. Nb4 Bb7
40. Ka4 Ke6 41. Ka5 Bc8 42. c5 Rb7 43. Rd6+ Kf7 44. Rb6 Re7 45. Rb8 Be6 46. Nc6
Rc7 47. Kb6 Rc8 48. Nd8+ Ke8 49. Rxc8 Bxc8 50. Kc7 1-0

[Event "2015 British Chess Championships: Championship"]
[Site "University of Warwick, Coventry, Warwickshire"]
[Date "2015.07.30"]
[Round "4"]
[Board "20"]
[White "Eagleton, Greg T"]
[Black "Burrows, Martin P"]
[Result "0-1"]
[WhiteElo "1994"]
[BlackElo "2148"]
[PlyCount "76"]
[EventDate "2015.07.27"]
[EventRounds "11"]
[EventCountry "ENG"]

1. d4 Nf6 2. c4 e6 3. Nf3 b6 4. g3 Ba6 5. Qa4 Bb7 6. Bg2 c5 7. dxc5 Bxc5 8. O-O
O-O 9. Nc3 Be7 10. Bf4 a6 11. Rfd1 d6 12. Qa3 Ne8 13. b4 Nd7 14. Qb3 Rc8 15.
Rac1 Qc7 16. Na4 Qb8 17. Ng5 Bxg2 18. Kxg2 Nef6 19. f3 h6 20. Nh3 b5 21. cxb5
Rxc1 22. Rxc1 axb5 23. Nc3 Qb7 24. e4 Rc8 25. Nf2 Qa6 26. a4 bxa4 27. Nxa4 Rxc1
28. Bxc1 d5 29. exd5 Nxd5 30. b5 Qb7 31. Ne4 Bb4 32. Qd3 Qa8 33. Qb3 Qa5 34.
Nb2 Qxb5 35. Nd3 Qa5 36. Bb2 Bf8 37. h4 Qb6 38. Qc4 Ne3+ 0-1

[Event "2015 British Chess Championships: Championship"]
[Site "University of Warwick, Coventry, Warwickshire"]
[Date "2015.07.30"]
[Round "4"]
[Board "21"]
[White "Burke, Mitchell R"]
[Black "Shaw, Peter"]
[Result "1-0"]
[WhiteElo "1966"]
[BlackElo "2146"]
[PlyCount "97"]
[EventDate "2015.07.27"]
[EventRounds "11"]
[EventCountry "ENG"]

1. e4 e6 2. d4 d5 3. Nc3 Nf6 4. e5 Nfd7 5. f4 c5 6. Nf3 Nc6 7. Be3 a6 8. Qd2 b5
9. dxc5 Bxc5 10. Bxc5 Nxc5 11. Nd4 Bb7 12. O-O-O b4 13. Nxc6 Bxc6 14. Qd4 Qb6
15. Nb1 Rc8 16. Nd2 Ba4 17. b3 Bb5 18. Kb1 Bxf1 19. Rhxf1 O-O 20. g4 Rc6 21. f5
Na4 22. Qxb6 Nc3+ 23. Ka1 Rxb6 24. Rde1 Rb5 25. Kb2 Rc8 26. Rf4 Rbc5 27. Rxb4
Nxa2 28. Kxa2 Rxc2+ 29. Ka3 Rxd2 30. Rc1 Rf8 31. fxe6 fxe6 32. Rb6 Rxh2 33.
Rxe6 Rg2 34. Rxa6 Rxg4 35. b4 h5 36. e6 h4 37. Rac6 Re4 38. Rg1 Rf3+ 39. Ka4
Rff4 40. Rb6 h3 41. Rb7 Rg4 42. Rxg4 Rxg4 43. Rb8+ Kh7 44. e7 Re4 45. e8=Q Rxe8
46. Rxe8 g5 47. Re1 g4 48. Rh1 Kg6 49. b5 1-0

[Event "2015 British Chess Championships: Championship"]
[Site "University of Warwick, Coventry, Warwickshire"]
[Date "2015.07.30"]
[Round "4"]
[Board "22"]
[White "Ashworth, Michael"]
[Black "Richards, Heather S"]
[Result "0-1"]
[WhiteElo "1912"]
[BlackElo "2141"]
[PlyCount "110"]
[EventDate "2015.07.27"]
[EventRounds "11"]
[EventCountry "ENG"]

1. d4 d6 2. Nf3 Bg4 3. c4 Bxf3 4. gxf3 g6 5. Nc3 Bg7 6. e4 Nd7 7. Be3 e6 8. Qd2
c6 9. Be2 a6 10. Rb1 Ne7 11. Bh6 Bxh6 12. Qxh6 Qb6 13. Qd2 f5 14. b4 Qc7 15. a4
Nf6 16. Qe3 O-O 17. h3 b6 18. Bd3 d5 19. e5 f4 20. Qd2 Nd7 21. cxd5 exd5 22.
Qa2 Kg7 23. Qb3 Rad8 24. O-O b5 25. Rfc1 Qa7 26. Ne2 Nb6 27. axb5 axb5 28. Ra1
Qd7 29. Kg2 Nc4 30. Bxc4 dxc4 31. Qa3 Qd5 32. Qa7 Rf7 33. Qc5 Qe6 34. Ra7 g5
35. Nc3 Nf5 36. Rxf7+ Kxf7 37. Ne4 Nh4+ 38. Kh2 Nxf3+ 39. Kg2 Nh4+ 40. Kh2 Nf3+
41. Kg2 Rd5 42. Qa7+ Rd7 43. Qc5 Nh4+ 44. Kh2 Qd5 45. Nxg5+ Kg6 46. Qxd5 cxd5
47. Ne6 Kf5 48. Nc5 Rg7 49. Rc3 Rg2+ 50. Kh1 Rxf2 51. Kg1 Rf3 52. Rc2 Rxh3 53.
e6 Re3 54. Ra2 Nf3+ 55. Kf2 Nxd4 0-1

[Event "2015 British Chess Championships: Championship"]
[Site "University of Warwick, Coventry, Warwickshire"]
[Date "2015.07.30"]
[Round "4"]
[Board "23"]
[White "Lewis, Andrew P"]
[Black "Burnett, Jim"]
[Result "1-0"]
[WhiteElo "2295"]
[BlackElo "2091"]
[PlyCount "81"]
[EventDate "2015.07.27"]
[EventRounds "11"]
[EventCountry "ENG"]

1. d4 d5 2. Nf3 e6 3. c4 Nf6 4. Nc3 Be7 5. Bf4 O-O 6. e3 c5 7. dxc5 Bxc5 8. Qc2
Qa5 9. a3 Nc6 10. Nd2 Be7 11. Rd1 e5 12. Bg5 d4 13. Nb3 Qd8 14. Be2 dxc3 15.
Rxd8 Rxd8 16. bxc3 h6 17. Bxf6 Bxf6 18. O-O b6 19. Bf3 Bd7 20. Rd1 Be8 21. c5
Rxd1+ 22. Qxd1 Rd8 23. Qc2 bxc5 24. c4 Be7 25. g3 Rb8 26. Qc3 f6 27. Bd5+ Kh7
28. Na5 Nd8 29. Qd3+ g6 30. g4 Kg7 31. Qe4 Rb6 32. h4 Nf7 33. Nb7 Nd6 34. Nxd6
Bxd6 35. h5 a5 36. Qc2 Be7 37. hxg6 Bxg6 38. Qa4 Rd6 39. Qxa5 f5 40. Qc7 Kf6
41. Qc8 1-0

[Event "2015 British Chess Championships: Championship"]
[Site "University of Warwick, Coventry, Warwickshire"]
[Date "2015.07.30"]
[Round "4"]
[Board "24"]
[White "Taylor, Adam A"]
[Black "Kalavannan, Koby"]
[Result "1-0"]
[WhiteElo "2055"]
[BlackElo "2178"]
[PlyCount "85"]
[EventDate "2015.07.27"]
[EventRounds "11"]
[EventCountry "ENG"]

1. Nf3 c5 2. g3 b6 3. Bg2 Bb7 4. O-O Nf6 5. c4 g6 6. b3 Bg7 7. Bb2 O-O 8. e3
Na6 9. d4 d6 10. Nc3 Ne4 11. Qc1 Nb4 12. Rd1 Nxc3 13. Bxc3 Be4 14. dxc5 bxc5
15. Bxg7 Kxg7 16. a3 Nc6 17. b4 Qb6 18. b5 Nd8 19. Qc3+ Kg8 20. Ne1 Bxg2 21.
Nxg2 Ne6 22. a4 a5 23. h4 Qb7 24. Nf4 Nxf4 25. exf4 f5 26. Re1 Rf6 27. Ra2 Kf7
28. Rae2 e6 29. Rd1 Qb6 30. h5 Rd8 31. Qf3 d5 32. cxd5 Kg7 33. Rxe6 Rxe6 34.
dxe6 Rxd1+ 35. Qxd1 Qxe6 36. Qa1+ Kh6 37. hxg6 Kxg6 38. Qe5 Qa2 39. Qd6+ Kh5
40. Qxc5 Kg4 41. Kg2 h5 42. Qc6 Qe2 43. Qg6# 1-0

[Event "2015 British Chess Championships: Championship"]
[Site "University of Warwick, Coventry, Warwickshire"]
[Date "2015.07.30"]
[Round "4"]
[Board "25"]
[White "Mckenna, Jason P"]
[Black "Hegarty, Sarah N"]
[Result "0-1"]
[WhiteElo "2175"]
[BlackElo "2075"]
[PlyCount "195"]
[EventDate "2015.07.27"]
[EventRounds "11"]
[EventCountry "ENG"]

1. e4 c5 2. Nf3 d6 3. d4 cxd4 4. Nxd4 Nf6 5. Nc3 a6 6. Be2 e5 7. Nb3 Be7 8. O-O
b5 9. a4 b4 10. Nd5 Nxd5 11. Qxd5 Ra7 12. Be3 Be6 13. Qd2 Rb7 14. a5 O-O 15.
Rfd1 Qc8 16. Bb6 Rd7 17. Bf3 Nc6 18. Qd3 Bd8 19. Be3 Qb7 20. Be2 Nb8 21. f4 f6
22. f5 Bf7 23. Bf3 Be7 24. Rd2 Rc8 25. Qe2 Bc4 26. Qf2 Qb5 27. Rad1 Rdc7 28.
Bb6 Rc6 29. Nc1 Nd7 30. b3 Nxb6 31. axb6 Bf7 32. Nd3 Bd8 33. Qe2 Bxb6+ 34. Kh1
Bd4 35. Rf1 Rc3 36. Qd1 a5 37. Be2 Qc6 38. Ne1 Qxe4 39. Bf3 Qxf5 40. Qe2 Qg5
41. Bb7 Rb8 42. Nf3 Qe3 43. Qa6 Rc7 44. Re2 Qc3 45. Be4 Bb6 46. Rd1 Rd7 47. Rd3
Qc7 48. Red2 Bc5 49. Bd5 Bxd5 50. Rxd5 Kh8 51. Qd3 Re7 52. Qf5 Qc8 53. Qh5 Qe8
54. Qh3 Ra7 55. Re2 a4 56. bxa4 Rxa4 57. Rd1 Rba8 58. Ree1 Ra2 59. Qf5 Qg6 60.
Qe6 Qxc2 61. Rd2 Qa4 62. Rxa2 Qxa2 63. Qd7 b3 64. Nh4 Qf2 65. Nf3 Qa2 66. Nh4
Qa7 67. Qh3 Qf7 68. Qf3 Rb8 69. Nf5 b2 70. Rb1 g6 71. Ng3 f5 72. Qc3 Bd4 73.
Qc6 Qe6 74. Ne2 Rc8 75. Qb7 Re8 76. h3 Qa2 77. Rd1 Qa7 78. Qc6 Rd8 79. Nxd4
Qxd4 80. Rb1 Qe4 81. Qxe4 fxe4 82. Rxb2 d5 83. Kg1 Kg7 84. Kf2 Kf6 85. Ke3 Kf5
86. Rf2+ Ke6 87. Ra2 Rd6 88. Ra7 h5 89. Rg7 Kf6 90. Ra7 Rb6 91. Ra3 Kf5 92. Ra8
d4+ 93. Kf2 Rb2+ 94. Kf1 Kf4 95. g4 hxg4 96. Rf8+ Ke3 97. hxg4 d3 98. Rh8 0-1